| Tag |
First Indicator |
Second Indicator |
Subfields |
| LEADER |
00000cam a2200000 a 4500 |
| 001 |
in00002782864 |
| 005 |
20150922150352.0 |
| 008 |
120620s2012 maua b 000 1 eng |
| 010 |
|
|
|a 2012024171
|
| 020 |
|
|
|a 9780674055520 (alk. paper)
|
| 020 |
|
|
|a 0674055527 (alk. paper)
|
| 035 |
|
|
|a (OCoLC)ocn792887362
|
| 040 |
|
|
|a DLC
|c DLC
|d UtOrBLW
|
| 049 |
|
|
|a TXAM
|
| 050 |
0 |
0 |
|a PR5397
|b .F7 2012
|
| 082 |
0 |
0 |
|a 823/.7
|2 23
|
| 100 |
1 |
|
|a Shelley, Mary Wollstonecraft,
|d 1797-1851.
|
| 240 |
1 |
0 |
|a Frankenstein
|
| 245 |
1 |
4 |
|a The annotated Frankenstein /
|c Mary Wollstonecraft Shelley ; edited by Susan J. Wolfson and Ronald Levao.
|
| 264 |
|
1 |
|a Cambridge, Mass. :
|b Belknap Press of Harvard University Press,
|c 2012.
|
| 300 |
|
|
|a 387 pages :
|b illustrations (some color) ;
|c 25 cm.
|
| 336 |
|
|
|a text
|b txt
|2 rdacontent
|
| 337 |
|
|
|a unmediated
|b n
|2 rdamedia
|
| 338 |
|
|
|a volume
|b nc
|2 rdacarrier
|
| 504 |
|
|
|a Includes bibliographical references.
|
| 650 |
|
0 |
|a Frankenstein, Victor (Fictitious character)
|v Fiction.
|
| 650 |
|
0 |
|a Frankenstein's monster (Fictitious character)
|v Fiction.
|
| 650 |
|
0 |
|a Scientists
|v Fiction.
|
| 700 |
1 |
|
|a Wolfson, Susan J.,
|d 1948-
|
| 700 |
1 |
|
|a Levao, Ronald.
|
| 945 |
|
|
|a PromptCat
|b 108316
|
| 946 |
|
|
|a stk
|
| 947 |
|
|
|a A14836013509
|
| 948 |
|
|
|a cataloged
|b h
|c 2012/11/30
|d c
|e dmitchel
|f 11:30:20 am
|
| 994 |
|
|
|a 92
|b TXA
|
| 999 |
|
|
|a MARS
|
| 999 |
f |
f |
|s 58ac2ca8-6864-317d-a39c-0dc6375fc72c
|i 06376e8e-cc2d-3b98-b339-cb290f6e1f3e
|t 0
|
| 952 |
f |
f |
|p normal
|a Texas A&M University
|b College Station
|c Sterling C. Evans Library
|s Evans stk
|d Evans: Library Stacks
|t 0
|e PR5397 .F7 2012
|h Library of Congress classification
|i unmediated -- volume
|m A14836013509
|
| 998 |
f |
f |
|a PR5397 .F7 2012
|t 0
|l Evans: Library Stacks
|